Managerial Research / (Record no. 195469)

MARC details
000 -LEADER
fixed length control field 00487nam a22001817a 4500
005 - DATE AND TIME OF LATEST TRANSACTION
control field 20230405112934.0
010 ## - LCCN (DPL NO)
LC control number ENG-136552
020 ## - INTERNATIONAL STANDARD BOOK NUMBER
International Standard Book Number 9788194393511
Terms of availability 190.00
035 ## - SYSTEM CONTROL NUMBER
System control number EN-120084
037 ## - SOURCE OF ACQUISITION
Source of stock number/acquisition DBAD/PUB
082 ## - DEWEY DECIMAL CLASSIFICATION NUMBER
Classification number 300.72
100 ## - MAIN ENTRY--PERSONAL NAME
Personal name Sarvanan,V
245 ## - TITLE STATEMENT
Title Managerial Research /
Statement of responsibility, etc V. Saravanan
260 ## - PUBLICATION, DISTRIBUTION, ETC. (IMPRINT)
Place of publication, distribution, etc Papanasam
Name of publisher, distributor, etc G.M. Amudhan Pathippagam
Date of publication, distribution, etc 2020
270 ## - ADDRESS
City Papanasam
Postal code 614203
300 ## - PHYSICAL DESCRIPTION
Extent 195p;
Dimensions 22cm(pbk)
942 ## - ADDED ENTRY ELEMENTS (KOHA)
Source of classification or shelving scheme Dewey Decimal Classification
Item type English Books
Call number suffix SAR
Classification part 300.72
Holdings
Withdrawn status Lost status Not for loan Collection code Home library Current library Date acquired Source of acquisition Cost, normal purchase price Full call number Barcode Copy number Cost, replacement price Koha item type
      Non-fiction Central Jail Tihar Central Jail Tihar 29/03/2023 DBAD/PUB 190.00 300.72 SAR EN-120084 1 190.00 English Books

© Delhi Public Library
Hit Counter
free hit counter